000 00392nam a2200169Ia 4500
003 Ost
005 20260225132600.0
008 260225s9999||||xx |||||||||||||| ||und||
020 _a9782765033936
040 _cfsic
041 _afre
082 _a70.4
100 _aCLAUDE CHEVALIER
_eAuteur
245 0 _aCOMMUNICATION ET PUBLICITE /
245 0 _cCLAUDE CHEVALIER
942 _cكتاب
999 _c34708
_d34708